Mitgliedstaaten des Deutschen Bundes - Statistiken

Allgemein
  • Dieses Quiz wurde 84 mal gespielt
  • Das Durchschnittsergebnis liegt bei 15 aus 45
Antwortstatistiken
Zeitraum Bezeichnung Antwort % Korrekt
1815-1866 Königreich Preußen
97%
1815-1866 Königreich Bayern
96%
1815-1866 Königreich Sachsen
95%
1815-1866 Großherzogtum Baden
83%
1815-1866 Freie Stadt Bremen
82%
1815-1866 Freie Stadt Hamburg
82%
1815-1866 Königreich Hannover
74%
1815-1866 Kaisertum Österreich
71%
1815-1866 Königreich Württemberg
68%
1815-1866 Freie Stadt Lübeck
67%
1815-1866 Herzogtum Holstein
56%
1815-1866 Freie Stadt Frankfurt
55%
1815-1866 Großherzogtum Oldenburg
54%
1815-1866 Herzogtum Braunschweig
44%
1815-1866 Herzogtum Nassau
42%
1815-1866 Fürstentum Lippe
41%
1815-1866 Großherzogtum Luxemburg
37%
1815-1866 Fürstentum Liechtenstein
32%
1815-1866 Großherzogtum Mecklenburg-Schwerin
32%
1815-1866 Großherzogtum Mecklenburg-Strelitz
28%
1815-1866 Großherzogtum Hessen-Darmstadt
23%
1815-1866 Fürstentum Schaumburg-Lippe
23%
1815-1866 Kurfürstentum Hessen-Kassel
21%
1815-1866 Herzogtum Anhalt-Dessau
19%
1815-1849 Fürstentum Hohenzollern-Sigmaringen
17%
1815-1866 Fürstentum Schwarzburg-Rudolstadt
17%
1815-1866 Fürstentum Schwarzburg-Sondershausen
17%
1815-1866 Herzogtum Lauenburg
15%
1839-1866 Herzogtum Limburg
15%
1815-1866 Herzogtum Sachsen-Meiningen
15%
1815-1866 Fürstentum Waldeck-Pyrmont
15%
1815-1866 Großherzogtum Sachsen-Weimar-Eisenach
12%
1815-1866 Fürstentum Reuß-Greiz (Reuß älterer Linie)
10%
1826-1866 Herzogtum Sachsen-Altenburg
10%
1815-1847 Herzogtum Anhalt-Köthen
9%
1815-1849 Fürstentum Hohenzollern-Hechingen
9%
1815-1866 Fürstentum Reuß-Schleiz (Reuß jüngerer Linie)
9%
1826-1866 Herzogtum Sachsen-Coburg und Gotha
9%
1815-1863 Herzogtum Anhalt-Bernburg
8%
1817-1866 Landgrafschaft Hessen-Homburg
6%
1815-1826 Herzogtum Sachsen-Coburg-Saalfeld
3%
1815-1826 Herzogtum Sachsen-Gotha-Altenburg
3%
1815-1848 Fürstentum Reuß-Ebersdorf
1%
1815-1824 Fürstentum Reuß-Lobenstein
1%
1815-1826 Herzogtum Sachsen-Hildburghausen
1%
Keine übereinstimmenden Quizze gefunden
Verteilung der Resultate
Anzahl Personen mit jedem Resultat
Perzentil nach korrekt beantworteten Fragen
Ihre Resultats-Entwicklung
Sie haben dieses Quiz noch nicht gespielt